| 000 | 00417nam a2200181Ia 4500 | ||
|---|---|---|---|
| 008 | 240510s9999 xx 000 0 und d | ||
| 020 | _a9788131505809 | ||
| 041 | _aEng | ||
| 082 | _a004 | ||
| 082 | _bS32 | ||
| 100 | _aSHELLY,G.B.;CASHMAN,T.J.;VERMAAT,M.E. | ||
| 245 | 0 | _aIntroduction to Computers | |
| 260 | _bIndia,Cengage Learning | ||
| 260 | _c2008 | ||
| 300 | _a344 p. | ||
| 942 | _2ddc | ||
| 942 | _cRBK | ||
| 999 |
_c29039 _d29039 |
||
| 945 |
_a1 _bMadushi Gamage _c1 _dMadushi Gamage |
||